| 000 | 00519nam a2200193Ia 4500 | ||
|---|---|---|---|
| 001 | 64936 | ||
| 003 | OSt | ||
| 005 | 20160412095843.0 | ||
| 008 | 150303s9999 xx 000 0 und d | ||
| 020 | _aNA | ||
| 040 | _cPK-LaUMT | ||
| 082 |
_a 891.4393 _bRAZ-S |
||
| 100 | _aRazia Butt | ||
| 245 |
_a(شیخو)Shakhoo (Urdu) _c(رضیہ بٹ)Razia Butt |
||
| 260 |
_a(لاہور،پاکستان)Lahore,Pakistan: _b(مقبول اکیڈمی)Maqbool Academy, _cN.D. |
||
| 300 | _a309 p. | ||
| 546 | _aUR | ||
| 942 |
_cBK _2ddc |
||
| 999 |
_c66980 _d66980 |
||